[Event "Geneve op"]
[Site "Geneve"]
[Date "1993.??.??"]
[Round "3"]
[White "Sher, Miron N"]
[Black "Epishin, Vladimir"]
[Result "1/2-1/2"]
[WhiteElo "2500"]
[BlackElo "2620"]

1.c4 e5 2.g3 Nf6 3.Bg2 Nc6 4.Nf3 Bc5 5.O-O d6 6.e3 Bb6 7.Nc3 O-O 8.b3 Bf5
9.d3 Qd7 10.Ng5 Rae8 11.Nge4 Nxe4 12.dxe4 Bg4 13.Qd3 f5 14.Nd5 Kh8 15.Bb2 fxe4
16.Bxe4 Bf3 17.Bxf3 Rxf3 18.Qe4 Rf7 19.Bc3 Bd4 20.Rad1 Bxc3 21.Nxc3 b6 22.Kg2 a5
23.h3 Nd8 24.Rd2 Ne6 25.Qg4 g6 26.Kg1 Kg7 27.Ne4 h5 28.Qe2 Rf5 29.Kg2 Nc5
30.Nxc5 bxc5 31.e4 Rf7 32.a4 h4 33.g4 Qe7 34.Qe3 Rf4 35.Rd3 Rb8 36.f3 Qg5
37.Rf2 Kh6 38.Qd2 Rb4 39.Qe3 Rf8 40.Qxg5+ Kxg5 41.Re2 Rfb8 42.Ree3 Kf6 43.Kf2 Ke6
44.Ke2 c6 45.Kf2 g5 46.Ke1 R4b7 47.Kf2 Rb6 48.Kf1 Rb4 49.Kf2 R8b7 50.Kf1 Rd7
51.Re2 Ke7 52.Ke1 Kd8 53.Kf2 Kc7 54.Ree3 Rb8 55.Rd2 Rf8 56.Ke2 Rf6 57.Red3 Rdf7
58.Rd1 Kd7 59.Kf2 Ke7 60.Ke2 Rf8 61.Kf2 Rd8  1/2-1/2

[Event "BL2-S9293"]
[Site "Germany"]
[Date "1993.??.??"]
[Round "?"]
[White "Kratochwil, Christian"]
[Black "Stromer, Alexander"]
[Result "1/2-1/2"]
[WhiteElo "2315"]
[BlackElo "2220"]

1.c4 e5 2.g3 Nf6 3.Bg2 c6 4.d4 Bb4+ 5.Bd2 Bxd2+ 6.Qxd2 exd4 7.Qxd4 d5 8.cxd5 cxd5
9.Nf3 Nc6 10.Qe3+ Be6 11.O-O d4 12.Qa3 Qe7 13.Rd1 Rd8 14.Qxe7+ Kxe7 15.Na3 Rd7
16.Nc2 Rhd8 17.Nfe1 Bd5 18.Nd3 Bxg2 19.Kxg2 Ne4 20.Rac1 Rd5 21.Ncb4 Nxb4
22.Nxb4 Rc5 23.Rxc5 Nxc5 24.Rc1 Ne6 25.Kf3 f5 26.Nd3  1/2-1/2

[Event "Oberliga Nord W9293"]
[Site "Germany"]
[Date "1993.??.??"]
[Round "?"]
[White "Clemens, Christian"]
[Black "Olzem, Lothar"]
[Result "1-0"]
[WhiteElo "2380"]
[BlackElo "2225"]

1.g3 e5 2.c4 Nc6 3.Bg2 d6 4.Nc3 Be6 5.d3 Qd7 6.Rb1 a5 7.a3 Nf6 8.Nd5 Be7
9.e3 Bd8 10.b4 axb4 11.axb4 O-O 12.Bd2 Bf5 13.b5 Na5 14.Nxf6+ Bxf6 15.Bxa5 Rxa5
16.Bxb7 Rb8 17.Bc6 Qe7 18.Ne2 Bh3 19.Nc3 Qe6 20.Bd5 Qf5 21.Be4 Qd7 22.Ra1 Rxa1
23.Qxa1 Rf8 24.Qa7 Bd8 25.Kd2 f5 26.Bd5+ Kh8 27.b6 f4 28.b7 fxe3+ 29.fxe3 Rf2+
30.Kc1 e4 31.Nxe4 Rf8 32.b8=Q Qf5 33.Qaa8 Qf3 34.Re1 Be7 35.Qxf8+ Bxf8 36.Qe8  1-0

[Event "NRW-Liga II 9293"]
[Site "Germany"]
[Date "1993.??.??"]
[Round "?"]
[White "Schneider, B."]
[Black "Dautov, Rustem"]
[Result "1/2-1/2"]
[WhiteElo "2415"]
[BlackElo "2625"]

1.c4 e5 2.g3 Nc6 3.Bg2 g6 4.Nc3 Bg7 5.Rb1 f5 6.d3 Nf6 7.b4 O-O 8.b5 Ne7 9.Qb3 d6
10.Nf3 Kh8 11.O-O Nd7 12.Ba3 h6 13.Nd5 Nxd5 14.cxd5 a6 15.bxa6 Rxa6 16.Rfc1 b6
17.Nd2 Nc5 18.Bxc5 bxc5 19.Nc4 Bd7 20.a3 Ra7 21.e4 f4 22.Rb2 h5 23.Rcb1 Ra8
24.Qd1 h4 25.Qe1 f3 26.Bf1 Bh6 27.Ra1 Rf7 28.Raa2 Qf6 29.a4 hxg3 30.fxg3 Rxa4
31.Rxa4 Bxa4 32.Bh3 Rf8 33.Rf2 Qg5 34.Qf1 Qc1 35.Qxc1 Bxc1 36.Rf1 Bh6 37.Ra1 f2+
38.Kf1 Bc2 39.Ke2 Rb8 40.Bf1 Rb3 41.Ra8+ Kg7 42.Kxf2 Rb7  1/2-1/2

[Event "NRW-Liga II 9293"]
[Site "Germany"]
[Date "1993.??.??"]
[Round "?"]
[White "Telljohann, Sven"]
[Black "Kishnev, Sergey"]
[Result "1/2-1/2"]
[WhiteElo "2340"]
[BlackElo "2510"]

1.g3 e5 2.c4 g6 3.Bg2 Bg7 4.Nc3 d6 5.Rb1 Nf6 6.Nf3 O-O 7.O-O Re8 8.d3 h6
9.Ne1 c6 10.b4 d5 11.b5 dxc4 12.bxc6 Nxc6 13.dxc4 Qxd1 14.Nxd1 e4 15.Nc2 Be6
16.Nde3 b6 17.Bb2 Rac8 18.Rbc1 Na5 19.Nd4 Nh7 20.Bxe4 Bxc4 21.Bb7 Nxb7 22.Nxc4 Bxd4
23.Bxd4 Rxe2 24.Ne3 Nc5 25.Rfe1 Rxe1+ 26.Rxe1 Nd3 27.Re2 Rc1+ 28.Nf1 Re1
29.Rd2 Ne5 30.Kg2 f6 31.Rc2 Nf8 32.Ne3 Ne6 33.Bxe5 fxe5 34.Rc8+ Kf7 35.Ra8 a5
36.Ra7+ Kf8 37.Nc4 b5 38.Nd6 Nd4 39.Rxa5 Rb1 40.Ra7 Rb2 41.Rb7 Rxa2 42.Nxb5  1/2-1/2

[Event "BL2-N9293"]
[Site "Germany"]
[Date "1993.??.??"]
[Round "?"]
[White "Lagunow, Alexander"]
[Black "Pritchett, Craig William"]
[Result "1/2-1/2"]
[WhiteElo "2460"]
[BlackElo "2350"]

1.c4 e5 2.g3 Nc6 3.Bg2 g6 4.Nc3 Bg7 5.d3 d6 6.Rb1 f5 7.e3 Nf6 8.Nge2 O-O
9.b4 a6 10.O-O Kh8 11.a4 g5 12.Nd5 Ne7 13.f4 gxf4 14.exf4 Nexd5 15.cxd5 c6
16.dxc6 bxc6 17.h3 Be6 18.Be3 Qd7 19.Qd2 Bd5 20.Nc3 Bxg2 21.Qxg2 exf4 22.Bxf4 Nh5
23.Ne2 Rae8 24.Qf3 Nxf4 25.Nxf4 Bd4+ 26.Kg2 Re3 27.Qh5 Rg8 28.Rf3 Qe7 29.Rbf1 Re2+
30.Kh1 Re1 31.Qxf5 Rxg3 32.Qc8+ Rg8 33.Qxc6 Rg1+ 34.Kh2 Rexf1 35.Rxf1 Rxf1
36.Qc8+ Kg7 37.Qg4+ Kf8 38.Ne6+ Ke8 39.Nxd4 Rf2+ 40.Kg3 Qe3+ 41.Nf3 Rf1 42.Qc8+ Ke7
43.Qc7+ Ke8 44.Qc8+ Ke7  1/2-1/2

[Event "BL2-W9293"]
[Site "Germany"]
[Date "1993.??.??"]
[Round "?"]
[White "Haakert, Juergen"]
[Black "Engel, Berthold"]
[Result "1/2-1/2"]
[WhiteElo "2315"]
[BlackElo "2300"]

1.c4 e5 2.g3 g6 3.Bg2 Bg7 4.Nc3 Ne7 5.d3 O-O 6.e4 d6 7.Nge2 Bg4 8.O-O Nbc6
9.f3 Be6 10.Nd5 Qd7 11.Bg5 f6 12.Be3 Nd8 13.d4 c6 14.Nxe7+ Qxe7 15.d5 cxd5
16.cxd5 Bd7 17.Qd3 Nf7 18.Rfc1 b6 19.Nc3 Rfc8 20.a4 Qd8 21.Qd2 f5 22.Nb5 fxe4
23.fxe4 a6 24.Rxc8 Bxc8 25.Nc3 Rb8 26.Bf1 h5 27.Nd1 Kh7 28.Nf2 Bh6 29.Bxh6 Nxh6
30.Rc1 Nf7 31.Qc3 Bd7 32.Bxa6 Bxa4 33.Bc8 Bd7 34.Bxd7 Qxd7 35.Qc7 Qxc7 36.Rxc7 Kg7
37.h4 Kf6 38.g4 hxg4 39.Nxg4+ Kg7 40.Kf2 Ra8 41.Ne3 b5 42.Nc2 Ra2 43.b4 Kf6
44.Ke3 Rb2 45.Kd3 Rb3+ 46.Rc3 Rb1 47.Rc7  1/2-1/2

[Event "BL2-S9293"]
[Site "Germany"]
[Date "1993.??.??"]
[Round "?"]
[White "Becker, Marc"]
[Black "Holzhaeuer, Mathias"]
[Result "1-0"]
[WhiteElo "2380"]
[BlackElo "2340"]

1.c4 e5 2.g3 Nf6 3.Bg2 Nc6 4.Nf3 Bc5 5.O-O O-O 6.Nxe5 Nxe5 7.d4 Bxd4 8.Qxd4 d6
9.b3 Bg4 10.Nc3 Qc8 11.Bb2 Re8 12.Rfe1 Bh3 13.Nd5 Nxd5 14.Bxd5 c6 15.Bh1 Qg4
16.f4 Nd7 17.Bf3 Qg6 18.Rad1 Nc5 19.Qxd6 Ne6 20.Kh1 Rad8 21.Qe5 f6 22.Qh5 Bg2+
23.Kg1 Qc2 24.Kxg2 Qxb2 25.Rd7 Rf8 26.Be4 f5 27.Bxf5 Rxf5 28.Qxf5 Rxd7 29.Qxe6+ Rf7
30.Qe8+ Rf8 31.Qe6+ Kh8 32.Qe7 Rg8 33.f5 Qxa2 34.f6 gxf6 35.Qxf6+ Rg7 36.Qf8+ Rg8
37.Qf6+ Rg7 38.Qd8+ Rg8 39.Qd4+ Rg7 40.Qe5 Qxb3 41.Rf1 Qb4 42.Rf7  1-0

[Event "BL2-S9293"]
[Site "Germany"]
[Date "1993.??.??"]
[Round "?"]
[White "Becker, Marc"]
[Black "Arnold, Lothar"]
[Result "1/2-1/2"]
[WhiteElo "2380"]
[BlackElo "2320"]

1.c4 e5 2.g3 c6 3.Nf3 e4 4.Nd4 d5 5.cxd5 Qxd5 6.Nb3 Nf6 7.Bg2 Qh5 8.h3 Bd6
9.Nc3 Qg6 10.Qc2 e3 11.Qxg6 exf2+ 12.Kxf2 hxg6 13.e4 Be6 14.d4 Bxb3 15.axb3 Bc7
16.e5 Nfd7 17.Nb5 Bb6 18.Nd6+ Ke7 19.Be3 f6 20.Nxb7 fxe5 21.Rhe1 Rf8+ 22.Kg1 exd4
23.Bxd4+ Kf7 24.Rf1+ Kg8 25.Rxf8+ Kxf8 26.Bxb6 Nxb6 27.Nd8 a5 28.Nxc6 Nxc6
29.Bxc6 Rc8 30.Be4 Rc5 31.Kg2 g5 32.Rf1+ Ke7 33.Bg6 Rb5 34.Rf7+ Ke6 35.Rb7 Kf6
36.Be8 Rxb3 37.Rf7+ Ke6 38.Rxg7 Rxb2+ 39.Kf3 Kf6 40.Rf7+ Ke6 41.Ra7 a4 42.Bxa4 Nxa4
43.Rxa4 Kf5 44.Ra3 Rb4 45.Ra5+ Kg6 46.Re5 Rb3+ 47.Re3 Rb4 48.Re4 Rb3+ 49.Re3 Rb4
50.Re4 Rb3+ 51.Kg4 Rb6 52.Ra4 Rc6 53.h4 gxh4 54.Kxh4 Rb6 55.Ra5 Rc6 56.Rg5+ Kh6
57.Rg8 Rc4+ 58.g4 Rc5 59.Ra8 Kg7 60.Ra7+ Kg6 61.Ra6+ Kg7 62.Re6 Ra5 63.Kg3 Ra3+
64.Kf4 Ra4+ 65.Kf5 Ra5+ 66.Kf4 Ra4+ 67.Kg5 Ra5+ 68.Kh4 Rb5 69.Ra6 Rc5  1/2-1/2

[Event "Groningen op"]
[Site "Groningen"]
[Date "1993.??.??"]
[Round "8"]
[White "Arbakov, Valentin"]
[Black "Kacheishvili, Giorgi"]
[Result "1-0"]
[WhiteElo "2460"]
[BlackElo "2405"]

1.c4 e5 2.g3 g6 3.d4 d6 4.Nc3 Nd7 5.Bg2 Bg7 6.Nf3 Ngf6 7.O-O O-O 8.Qc2 c6
9.Rd1 Re8 10.b3 a6 11.dxe5 dxe5 12.Ng5 Bf8 13.Nge4 Qc7 14.Qd2 Be7 15.Qh6 Nxe4
16.Nxe4 Nf6 17.Nxf6+ Bxf6 18.Bg5 Bxg5 19.Qxg5 Bf5 20.e4 Be6 21.Qf6 Rad8 22.h4 h5
23.c5 Kh7 24.Kh2 Kg8 25.f4 exf4 26.gxf4 Rxd1 27.Rxd1 Bg4 28.Rd2 Qa5 29.Qd4 Qa3
30.Qc3 a5 31.Kg3 a4 32.Rf2 axb3 33.axb3 Rd8 34.f5 gxf5 35.exf5 Qa7 36.Qe5 Qb8
37.Qxb8 Rxb8 38.f6 b6 39.b4 bxc5 40.bxc5 Rb5 41.Rc2 Bf5 42.Rc3 Rb4 43.Bf3 Kh7
44.Bxh5 Be6 45.Bf3 Kg6 46.h5+ Kxf6 47.Bxc6 Kg5 48.Bf3 f5 49.c6 Rc4 50.Rxc4 Bxc4
51.Kf2 Bb5 52.c7 Bd7 53.Ke3 Bc8 54.Kd4 f4 55.Ke5 Ba6 56.Ke6 Bc8+ 57.Kf7 Kh6
58.Kf6 Bd7 59.Be4  1-0

[Event "Groningen op"]
[Site "Groningen"]
[Date "1993.??.??"]
[Round "10"]
[White "Arbakov, Valentin"]
[Black "Vescovi, Giovanni"]
[Result "1-0"]
[WhiteElo "2460"]
[BlackElo "2340"]

1.c4 e5 2.g3 Nc6 3.Bg2 g6 4.Nc3 Bg7 5.Rb1 f5 6.d3 d6 7.b4 Nf6 8.b5 Nd4 9.e3 Ne6
10.Nge2 O-O 11.O-O Kh8 12.Nd5 Nc5 13.d4 Ncd7 14.dxe5 Nxe5 15.Qc2 Nfd7 16.Rd1 a6
17.Nef4 Re8 18.b6 Nxb6 19.Nxb6 cxb6 20.Nd5 Be6 21.Nxb6 Rb8 22.Ba3 Nf7 23.Bb2 Qe7
24.Nd5 Bxd5 25.Bxd5 Rec8 26.Bxg7+ Kxg7 27.Rb6 Qf6 28.Rdb1 Rc7 29.Rxa6 h5
30.Rab6 h4 31.a4 h3 32.f4 Nh6 33.Qb2 Ng4 34.a5 Qxb2 35.R6xb2 Nxe3 36.Rxb7 Rbxb7
37.Bxb7 Rc5 38.Ra1 Nxc4 39.a6 Nb6 40.a7  1-0

[Event "Wichern op"]
[Site "Hamburg"]
[Date "1993.??.??"]
[Round "5"]
[White "Sher, Miron N"]
[Black "Martinovsky, Eugene"]
[Result "1-0"]
[WhiteElo "2535"]
[BlackElo "2270"]

1.c4 e5 2.g3 Nf6 3.Bg2 Nc6 4.Nf3 d5 5.cxd5 Nxd5 6.O-O Be7 7.d4 exd4 8.Nxd4 Nxd4
9.Qxd4 Nf6 10.Qa4+ c6 11.Nc3 O-O 12.h3 Qb6 13.Qc2 Be6 14.b3 Rad8 15.e4 Qa6
16.Ne2 Bc8 17.Be3 c5 18.Nf4 Be6 19.Rfd1 Nd7 20.Nd5 Bxd5 21.Rxd5 Qe6 22.Rad1 b6
23.f4 Nf6 24.Rxd8 Rxd8 25.Rxd8+ Bxd8 26.e5 Be7 27.Bf2 Nd5 28.Qe4 Nc3 29.Qa8+ Bf8
30.Qxa7 Nd1 31.Qb7 Nxf2 32.Kxf2 g5 33.Qe4 gxf4 34.gxf4 Be7 35.f5 Qd7 36.f6 Qd2+
37.Kg1 Bf8 38.Qg4+ Kh8 39.Qf5 Qe1+ 40.Kh2 Qd2 41.a4 h6 42.h4 Qb2 43.h5 Kg8
44.e6 fxe6 45.Qxe6+ Kh8 46.Kh3 Qc3+ 47.Kg4 Qd4+ 48.Be4 Qg1+ 49.Kf3 Qf1+ 50.Ke3 Qe1+
51.Kd3 Qf1+ 52.Kc3 Qa1+ 53.Kc4 Qd4+ 54.Kb5 Qb4+ 55.Ka6 c4 56.Bd5 Qa5+ 57.Kb7  1-0

[Event "Wichern op"]
[Site "Hamburg"]
[Date "1993.??.??"]
[Round "8"]
[White "Maus, Soenke"]
[Black "Dankert, Peter"]
[Result "1-0"]
[WhiteElo "2415"]
[BlackElo "2290"]

1.c4 e5 2.g3 Nf6 3.Bg2 Bc5 4.Nc3 O-O 5.e3 d6 6.Nge2 c6 7.O-O Bb6 8.b3 Bf5
9.d4 Re8 10.h3 h6 11.g4 exd4 12.Nxd4 Bh7 13.Bb2 Nbd7 14.Nf5 Bxf5 15.gxf5 Nc5
16.Qc2 a5 17.Rad1 Qe7 18.Kh1 Rad8 19.Rg1 Ncd7 20.Rde1 Nh5 21.Bf1 Ne5 22.Qe4 Qf6
23.Be2 Nd3 24.Qxd3 Qh4 25.Bg4 Qxf2 26.Bxh5  1-0

[Event "Harkany op"]
[Site "Harkany"]
[Date "1993.??.??"]
[Round "2"]
[White "Kaposztas, Miklos"]
[Black "Landenbergue, Claude"]
[Result "0-1"]
[WhiteElo "2265"]
[BlackElo "2405"]

1.c4 e5 2.g3 Nf6 3.Bg2 d5 4.cxd5 Nxd5 5.Nc3 Nb6 6.Nf3 Nc6 7.O-O Be7 8.d3 O-O
9.Be3 Be6 10.Ne4 Qd7 11.Nc5 Bxc5 12.Bxc5 Rfd8 13.Re1 f6 14.Be3 Bd5 15.Qc2 Qf7
16.Nd2 Bxg2 17.Kxg2 Nd5 18.Qb3 b6 19.Rec1 Nce7 20.Nc4 Nf5 21.Bd2 c5 22.Qd1 Qb7
23.Kg1 Nde7 24.Qf1 Nd4 25.Bc3 Nec6 26.Rab1 Qf7 27.b3 Qe6 28.Rb2 f5 29.Qh3 Rf8
30.Qg2 Rad8 31.a4 e4 32.Re1 exd3 33.exd3 Qd5 34.Re3 f4 35.gxf4 Qxg2+ 36.Kxg2 Rxf4
37.Re4 Rf5 38.f4 Rfd5 39.Ne3 R5d6 40.Nd1 Rg6+ 41.Kf2 Nf5 42.Rd2 Ncd4 43.Rb2 Rh6
44.Bxd4 Nxd4 45.Kg2 Rg6+ 46.Kf2 Nc6 47.Rd2 Rgd6 48.Ne3 Rxd3 49.Re8+ Rxe8
50.Rxd3 Rd8 51.Rxd8+ Nxd8 52.Kf3 Kf7 53.Ke4 Ke6 54.Nc4 Nc6 55.f5+ Kd7 56.h4 Ke7
57.Ne3 Kf6 58.Ng4+ Kf7 59.Ne3 Na5 60.Kd5 Kf6 61.Kd6 Nxb3 62.Kc6 c4 63.Nxc4 Nc5
64.Nd6 Nxa4 65.Kb7 Nc3 66.Ka6 h5 67.Ne8+ Kxf5 68.Nxg7+ Kg4 69.Kxa7 b5 70.Ka6 b4
71.Ka5 b3 72.Kb4 b2 73.Kxc3 b1=Q  0-1

[Event "Harkany op"]
[Site "Harkany"]
[Date "1993.??.??"]
[Round "6"]
[White "Vaulin, Alexander"]
[Black "Landenbergue, Claude"]
[Result "1/2-1/2"]
[WhiteElo "2500"]
[BlackElo "2405"]

1.c4 e5 2.g3 d5 3.cxd5 Qxd5 4.Nf3 Bb4 5.a3 e4 6.axb4 exf3 7.e3 Nf6 8.Nc3 Qf5
9.Ra5 Qg4 10.Re5+ Be6 11.d4 O-O 12.h3 Qg6 13.Bd3 Bb3 14.Bxg6 Bxd1 15.Bxh7+ Kxh7
16.Kxd1 Nc6 17.Rf5 Nxb4 18.Rxf3 c5 19.dxc5 Rac8 20.Ke2 Rxc5 21.Rd1 Rfc8 22.Rf4 a5
23.Rh4+ Kg8 24.Rhd4 Nc6 25.R4d2 b5 26.Kf1 Kh7 27.g4 a4 28.f4 Na5 29.g5 Nh5
30.Rd5 Nb3 31.Rxc5 Rxc5 32.Bd2 a3 33.Ne4 Rc4 34.Nd6 Rc2 35.bxa3 Nxd2+ 36.Ke2 Ng3+
37.Kd3 Rc6 38.Nxb5 Nde4 39.Ra1 Nc5+ 40.Kc4 Nf5 41.Re1 Na6+ 42.Kd3 Nc5+ 43.Kc4 Na6+
44.Kd3 Nc5+  1/2-1/2

[Event "Hastings op9394"]
[Site "Hastings"]
[Date "1993.??.??"]
[Round "?"]
[White "Yakovich, Yuri"]
[Black "Kosten, Anthony C"]
[Result "1/2-1/2"]
[WhiteElo "2515"]
[BlackElo "2510"]

1.c4 e5 2.g3 Nf6 3.Bg2 d5 4.cxd5 Nxd5 5.Nf3 Nc6 6.O-O Nb6 7.Nc3 Be7 8.a3 O-O
9.b4 Be6 10.Bb2 Nc4 11.Rb1 a5 12.b5 Nd4 13.Bc1 Bxa3 14.d3 Bxc1 15.dxc4 Nxf3+
16.Bxf3 Bd2 17.Nd5 Bh3 18.Qxd2 Bxf1 19.Qe3 Bh3 20.Qxe5 Qd6 21.Qe7 Qxe7 22.Nxe7+ Kh8
23.Bxb7 Rae8 24.Nd5 Rxe2 25.Nxc7 Re7 26.b6 Rb8 27.Rd1 Rd7 28.Re1 g6 29.Bc6 Rd6
30.Bg2 Rdxb6 31.Bxh3 Rb1 32.Kf1 a4 33.Nd5 a3 34.Nc3 Rxe1+ 35.Kxe1 Rb2 36.Kd1 a2
37.Nxa2 Rxa2 38.c5 Ra5 39.c6 Rc5 40.Bd7 Kg7 41.Ke2 Kf6 42.h4 Ke5 43.Kf3 Rc3+
44.Kg4 Kf6 45.Kf4 Rc4+ 46.Ke3 Ke5 47.Kf3 f5 48.Be8 Rc3+ 49.Kg2 Ke4 50.Bd7 Rc2
51.Bc8 Kd3 52.Bd7 Ke2 53.h5 Ke1 54.hxg6 hxg6 55.Kf3 Rxf2+ 56.Ke3 Rc2 57.Kf4 Kf2
58.Be8 Rc4+ 59.Ke5 Kxg3 60.Bxg6 f4 61.Be4  1/2-1/2

[Event "Hastings op9394"]
[Site "Hastings"]
[Date "1993.??.??"]
[Round "?"]
[White "Sher, Miron N"]
[Black "Raetsky, Alexander"]
[Result "1-0"]
[WhiteElo "2500"]
[BlackElo "2460"]

1.c4 e5 2.g3 c6 3.d4 exd4 4.Qxd4 d5 5.cxd5 cxd5 6.Bg2 Nf6 7.Nf3 Nc6 8.Qa4 Bc5
9.O-O O-O 10.Bg5 h6 11.Bxf6 Qxf6 12.Nc3 Be6 13.Rac1 Qe7 14.e3 Rfd8 15.Rfd1 Rac8
16.Rd2 Rc7 17.Nb5 Rcc8 18.Nc3 Rc7 19.Rcd1 Rcd7 20.a3 Bb6 21.Ne2 Bf5 22.Ned4 Nxd4
23.Nxd4 Be4 24.Ne2 Bxg2 25.Kxg2 Rd6 26.Nc3 Qe5 27.Qf4 Qxf4 28.gxf4 d4 29.Nb5 Rg6+
30.Kf3 Rd5 31.Nxd4 Rh5 32.Rh1 Rh3+ 33.Ke2 Bxd4 34.Rxd4 Rb6 35.b4 Ra6 36.Rd8+ Kh7
37.Rd7 Kg6 38.Rg1+ Kf6 39.Rc1 Rxa3 40.Rcc7 Ra2+ 41.Kd3 Rxf2 42.Rxf7+ Ke6
43.Ke4 g6 44.Rg7 Kd6 45.Rcf7 Kc6 46.Rxg6+ Kb5 47.Rxb7+ Kc4 48.Rxa7 Re2 49.Rc7+ Kb5
50.Rb7+ Kc4 51.Rg3 Rhxh2 52.b5 h5 53.b6 Kb5 54.Rg5+ Ka6 55.Ra7+ Kxb6 56.Rh7  1-0

[Event "HUN-chT2"]
[Site "HUN"]
[Date "1993.??.??"]
[Round "?"]
[White "Molnar, Bela"]
[Black "Mozes, Zoltan"]
[Result "1/2-1/2"]
[WhiteElo "2265"]
[BlackElo "2240"]

1.c4 e5 2.g3 d6 3.Bg2 c5 4.Nc3 Nc6 5.Nf3 g6 6.O-O Bg7 7.Ne1 Be6 8.d3 Nge7
9.Nc2 d5 10.cxd5 Nxd5 11.Ne3 Nxc3 12.bxc3 Qd7 13.Rb1 Rc8 14.c4 O-O 15.Nd5 f5
16.Bd2 b6 17.a4 Rb8 18.Bc3 Ne7 19.Nxe7+ Qxe7 20.a5 e4 21.Bxg7 Kxg7 22.axb6 axb6
23.Rb3 Bf7 24.Qa1+ Kg8 25.Rfb1 exd3 26.exd3 Qd6 27.Qa7 Rfe8 28.Bb7 Rbd8 29.Bd5 Bxd5
30.cxd5 Re7 31.Qxb6 Qxb6 32.Rxb6 Rxd5 33.Rc6 f4 34.gxf4 Rf7 35.Rb5 Rxf4 36.Rb7 Rf7
37.Rb5 Rxd3 38.Rbxc5 Rd1+ 39.Kg2 Rd2 40.Rc8+ Kg7 41.R8c7 Rxf2+ 42.Kg3 Rf3+
43.Kg2 h5 44.Rxf7+ Rxf7 45.h4 Re7 46.Rc3 Re4 47.Kg3 Kf6 48.Ra3 Kf5 49.Ra5+ Re5
50.Ra3  1/2-1/2

[Event "HUN-chT2"]
[Site "HUN"]
[Date "1993.??.??"]
[Round "?"]
[White "Ruck, Robert"]
[Black "Egyed, Andras"]
[Result "1-0"]
[WhiteElo "2360"]
[BlackElo "2210"]

1.c4 e5 2.g3 Nc6 3.Bg2 g6 4.Nc3 Bg7 5.e3 d6 6.Nge2 Be6 7.d3 Qd7 8.h3 Nge7
9.Nd5 O-O 10.Rb1 a5 11.Qb3 Nd8 12.Bd2 Nc8 13.d4 a4 14.Qd3 f5 15.Nec3 Nc6
16.Nb5 e4 17.Qc3 Nxd4 18.Nxd4 c5 19.Nf4 Bf7 20.Nfe2 Ne7 21.Qc1 cxd4 22.Nxd4 Rfc8
23.b3 axb3 24.axb3 Ra2 25.O-O b6 26.Ra1 Rca8 27.Rxa2 Rxa2 28.Bb4 Ra8 29.Rd1 Rd8
30.Qa3 Nc8 31.Nb5 d5 32.Nc3 d4 33.exd4 Bxd4 34.Nd5 Bg7 35.Nf6+ Bxf6 36.Rxd7 Rxd7
37.Qa8 Rd8 38.Qc6 Kg7 39.Qc7 Re8 40.Bf1 Kg8 41.Qc6 Kg7 42.Bd2 Bd4 43.Be3 Bxe3
44.fxe3 Kf8 45.Qc7 h5 46.Kf2 Be6 47.b4 Re7 48.Qd8+ Kf7 49.Be2 Ra7 50.Qd2 Rc7
51.g4 hxg4 52.hxg4 Rd7 53.Qc3 fxg4 54.Kg3 Nd6 55.Bxg4 Nf5+ 56.Kf4 Rd3 57.Qe5 Rxe3
58.Qc7+ Kf6 59.Qd8+ Kg7 60.Bxf5 Rf3+ 61.Kxe4 Rxf5 62.Qxb6 Bxc4 63.Qd4+  1-0

[Event "HUN-chT2"]
[Site "HUN"]
[Date "1993.??.??"]
[Round "?"]
[White "Ruck, Robert"]
[Black "Ezsol, Miklos"]
[Result "1-0"]
[WhiteElo "2360"]
[BlackElo "2340"]

1.c4 e5 2.g3 Nc6 3.Bg2 g6 4.Nc3 Bg7 5.e3 f5 6.Nge2 Nf6 7.d3 O-O 8.O-O d6
9.Rb1 Be6 10.Nd5 Qd7 11.b4 a6 12.a4 Nd8 13.Bd2 h6 14.Bc3 Qf7 15.Nxf6+ Bxf6
16.Qb3 g5 17.f4 Kh7 18.Qb2 Qg7 19.Bh3 exf4 20.Bxf6 Qxf6 21.Qxf6 Rxf6 22.exf4 g4
23.Bg2 Bd7 24.Nc3 c6 25.Rfe1 Ne6 26.d4 Re8 27.d5 Nc7 28.Rxe8 Bxe8 29.dxc6 Bxc6
30.Bxc6 bxc6 31.b5 cxb5 32.cxb5 axb5 33.axb5 Rf8 34.b6 Na6 35.Nb5 Rd8 36.Nd4 Kg6
37.Nc6 Re8 38.b7 Nb8 39.Nxb8 Rxb8 40.Kf2 Kf6 41.Ke3 Ke6 42.Kd4 h5 43.Rb2 Kd7
44.Kd5 Kc7 45.Ke6 Re8+ 46.Kxf5 Kb8 47.Kg6 d5 48.f5  1-0

[Event "HUN-chT"]
[Site "HUN"]
[Date "1993.??.??"]
[Round "?"]
[White "Almasi, Istvan"]
[Black "Varga, Zoltan"]
[Result "1-0"]
[WhiteElo "2385"]
[BlackElo "2450"]

1.c4 e5 2.g3 f5 3.Bg2 Nf6 4.d3 Be7 5.Nf3 d6 6.O-O O-O 7.Nc3 a5 8.a3 c5 9.Bg5 Nc6
10.Ne1 h6 11.Bxf6 Bxf6 12.Nc2 g5 13.Rb1 Bg7 14.b4 e4 15.Nd5 exd3 16.exd3 cxb4
17.axb4 f4 18.bxa5 Ne5 19.Be4 Rxa5 20.gxf4 gxf4 21.Kh1 f3 22.Nce3 Ra2 23.Nc3 Ng4
24.Nxg4 Bxc3 25.Qb3 Qa5 26.c5+ Kh8 27.Nxh6 Bh3 28.Nf7+ Kg7 29.Ng5 Bxf1 30.Qxb7+ Kh6
31.Qh7+ Kxg5 32.Qg6+ Kh4 33.Qh6+ Kg4 34.Rxf1  1-0

[Event "HUN-chT2"]
[Site "HUN"]
[Date "1993.??.??"]
[Round "?"]
[White "Molnar, Bela"]
[Black "Forgacs, Jozsef"]
[Result "1/2-1/2"]
[WhiteElo "2265"]
[BlackElo "2330"]

1.c4 e5 2.g3 Nc6 3.Bg2 d6 4.Nc3 g6 5.e3 Bg7 6.Nge2 Nf6 7.d4 exd4 8.exd4 O-O
9.O-O Re8 10.h3 Bf5 11.Be3 h6 12.Nf4 a6 13.Rc1 Rb8 14.Re1 Ne7 15.a3 Bd7 16.g4 b5
17.cxb5 axb5 18.Nd3 h5 19.Bf3 hxg4 20.hxg4 Qc8 21.Bg5 Nc6 22.Rxe8+ Qxe8 23.Nb4 Nxb4
24.axb4 Bc6 25.Bxf6 Bxf6 26.Nd5 Bxd5 27.Bxd5 c5 28.bxc5 dxc5 29.Rxc5 Rd8
30.Qd3 Kf8 31.Qf3 Bxd4 32.Rxb5 Rd7 33.Kg2 Rc7 34.Rb4 Qe5 35.Qe4 Bxb2 36.Qxe5 Bxe5
37.Re4 Bd6  1/2-1/2

[Event "HUN-chT"]
[Site "HUN"]
[Date "1993.??.??"]
[Round "?"]
[White "Csom, Istvan"]
[Black "Volosin, Vladimir"]
[Result "1-0"]
[WhiteElo "2520"]
[BlackElo "2310"]

1.c4 e5 2.g3 Nc6 3.Bg2 g6 4.Nc3 Bg7 5.d3 d6 6.e3 Be6 7.Nge2 Qd7 8.h3 Nge7
9.Nd5 O-O 10.Rb1 Rae8 11.b3 Nd8 12.d4 exd4 13.Nxe7+ Rxe7 14.Nxd4 Nc6 15.Nxe6 fxe6
16.O-O Ref7 17.Bb2 Qe7 18.Bxg7 Kxg7 19.Qd2 Qg5 20.Kh2 h5 21.f4 Qf6 22.b4 Nd8
23.h4 e5 24.c5 exf4 25.exf4 Re7 26.Rbe1 Rfe8 27.Rxe7+ Rxe7 28.Rd1 Nc6 29.b5 Nd8
30.cxd6 cxd6 31.Qxd6 Qxd6 32.Rxd6 Nf7 33.Rd4 Nh6 34.Be4 Ng4+ 35.Kg2 Nf6 36.Bf3 Rc7
37.Rd2 b6 38.Bc6 Ng4 39.Re2 a6 40.a4 axb5 41.Bxb5 Rc3 42.Re6 Ne3+ 43.Kf2 Nf5
44.Rxb6 Nxg3 45.Bc6 Nf5 46.a5 Rc2+ 47.Ke1 Ne7 48.Bg2 Rc7 49.a6 Nc8 50.Rc6 Re7+
51.Kf2 Na7 52.Rb6 Kf7 53.Bd5+ Kg7 54.Kf3 Nc8 55.Rb7 Kf6 56.Rxe7 Kxe7 57.Be4  1-0

[Event "IRL-ch"]
[Site "?"]
[Date "1993.??.??"]
[Round "2"]
[White "Greer, Kieran"]
[Black "Brady, Stephen"]
[Result "1/2-1/2"]
[WhiteElo "2230"]
[BlackElo "2305"]

1.c4 e5 2.g3 d6 3.Bg2 c5 4.Nc3 Nc6 5.e3 Nge7 6.Nge2 g6 7.d4 cxd4 8.exd4 Bg7
9.d5 Na5 10.Qa4+ Bd7 11.Qb4 Qb6 12.Qxb6 axb6 13.Ne4 Nc8 14.Nd2 b5 15.cxb5 Bxb5
16.a4 Bd3 17.Ra3 Bxe2 18.Kxe2 Nb6 19.b4 Nac4 20.Nxc4 Nxc4 21.Rc3 Rc8 22.Be3 Kd7
23.Rhc1 Nb2 24.Rxc8 Rxc8 25.Rxc8 Kxc8 26.a5 f5 27.Bc1 e4 28.Bxb2 Bxb2 29.b5 Kc7
30.g4 fxg4 31.Bxe4 Be5 32.Bd3 Bxh2 33.a6 bxa6 34.bxa6 Be5 35.Ke3 Bh2 36.Be2 h5
37.Bd3 g5 38.Bg6 h4 39.Bf5 Bf4+ 40.Ke2 g3 41.fxg3 Bxg3 42.Kf3 Kb6 43.Bc8 Bf4
44.Kg4 Be3 45.Kh3 Kc7 46.Be6 Kb6  1/2-1/2

[Event "IRL-ch"]
[Site "?"]
[Date "1993.??.??"]
[Round "9"]
[White "Greer, Kieran"]
[Black "Carton, Niall"]
[Result "1-0"]
[WhiteElo "2230"]
[BlackElo "2240"]

1.c4 e5 2.g3 g6 3.Bg2 Bg7 4.Nc3 d6 5.e4 Ne7 6.Nge2 O-O 7.O-O f5 8.d3 Nd7
9.exf5 Nxf5 10.b4 a5 11.b5 Nc5 12.Rb1 Ne6 13.Nd5 c6 14.bxc6 bxc6 15.Ndc3 Qc7
16.Ba3 Bd7 17.Ne4 h5 18.Bh3 c5 19.Bg2 Bc6 20.N4c3 Bxg2 21.Kxg2 Ne7 22.Ne4 Rfd8
23.Rb5 Rab8 24.Rxb8 Rxb8 25.Qc2 Nc6 26.N2c3 Ncd4 27.Qd2 Qf7 28.Qd1 Bf8 29.f3 Qf5
30.Nd5 h4 31.Ndf6+ Kg7 32.g4 Nf4+ 33.Kh1 Qe6 34.Qe1 Be7 35.Qxa5 Nc6 36.Qa6 Bxf6
37.Qxc6 Be7 38.Qc7 Rc8 39.Qb7 Nxd3 40.Ng5 Qf6 41.Qxc8 Qxg5 42.Qb7 h3 43.Bc1 Nxc1
44.f4 Qxg4 45.Qxe7+ Kg8 46.Qg5 Qxg5 47.fxg5 Nd3 48.Kg1 e4 49.a4  1-0

[Event "ISL-ch"]
[Site "?"]
[Date "1993.??.??"]
[Round "3"]
[White "Angantysson, Haukur"]
[Black "Stefansson, Hannes"]
[Result "0-1"]
[WhiteElo "2295"]
[BlackElo "2500"]

1.c4 e5 2.g3 Nf6 3.Bg2 d5 4.cxd5 Nxd5 5.Nf3 Nc6 6.O-O Nb6 7.Nc3 Be7 8.a3 O-O
9.b4 Re8 10.d3 Bf8 11.Ne4 Bg4 12.Nc5 Qc8 13.Ng5 h6 14.Nge4 a5 15.f3 Bh5 16.g4 Bg6
17.b5 Nd4 18.a4 c6 19.e3 Ne6 20.Nxe6 Qxe6 21.f4 exf4 22.exf4 f5 23.gxf5 Bxf5
24.bxc6 bxc6 25.Ng3 Bc5+ 26.Kh1 Bd4 27.Rb1 Nd5 28.Nxf5 Qxf5 29.Qc2 Qf6 30.Bxd5+ cxd5
31.Qg2 Rad8 32.Bd2 Qf5 33.Bxa5 Rd6 34.Rbd1 Rg6 35.Qa2 Kh7 36.Bc7 Qh5 37.Be5 Bxe5
38.Qxd5 Rg4 39.fxe5 Rxe5 40.Qf3 Reg5 41.Qe3 Rxa4 42.d4 Ra2 43.Rd2 Ra6 44.Qe2 Rg4
45.Qe5 Qh3 46.Rdf2 Rag6 47.Qf5 Qe3 48.d5 Qd4 49.h3 Rg5 50.Qf3 Rf6 51.Qe2 Qxd5+
52.Kh2 Qd6+ 53.Kh1 Rfg6 54.h4 Rg4  0-1

[Event "Katowice op"]
[Site "Katowice"]
[Date "1993.??.??"]
[Round "2"]
[White "Vaulin, Alexander"]
[Black "Bandza, Algirdas"]
[Result "1-0"]
[WhiteElo "2515"]
[BlackElo "2350"]

1.c4 e5 2.g3 d6 3.Nc3 g6 4.Bg2 Bg7 5.b4 f5 6.Rb1 Nf6 7.d3 O-O 8.Nf3 Kh8 9.O-O Nbd7
10.Qc2 Qe7 11.Nd2 g5 12.c5 a6 13.cxd6 cxd6 14.Nc4 f4 15.Ba3 Rd8 16.b5 Nf8
17.Nb6 Rb8 18.Nbd5 Nxd5 19.Nxd5 Qf7 20.bxa6 Be6 21.Rxb7 Rxb7 22.axb7 Qxb7
23.Nxf4 Qa7 24.Nxe6 Nxe6 25.Bb2 Nd4 26.Bxd4 Qxd4 27.a4 d5 28.Qc6 g4 29.a5 Qb2
30.Qb6 Qxb6 31.axb6 Rb8 32.Rb1 d4 33.b7 Bf8 34.Rc1 Kg7 35.Rc7+  1-0